000 00487nam a2200169 4500
001 138644
003 ES-MaACL
005 20230906195614.0
007 t|
008 070214s1960 sp r ||||1| spa d
100 1 _aSantano y León, Daniel.
_9181683
245 1 0 _aNuevos esquemas con transistores /
_cDaniel Santano y León.
260 _aMadrid :
_bParaninfo,
_c1960.
300 _a224 p., 3 lám. :
_bil. ;
_c21 cm.
852 _aES-MaACL
_jC-17639
_bR.45917
999 _c138644
_d138644